Principles of highway engineering and traffic analysis (Record no. 3014)

000 -LEADER
fixed length control field 00748nam a2200241 a 4500
001 - CONTROL NUMBER
control field 3014
003 - CONTROL NUMBER IDENTIFIER
control field BD-DhUET
008 - FIXED-LENGTH DATA ELEMENTS--GENERAL INFORMATION
fixed length control field 120109s2013 njua 001 0 eng
020 ## - INTERNATIONAL STANDARD BOOK NUMBER
International Standard Book Number 9781118471395
040 ## - CATALOGING SOURCE
Original cataloging agency DLC
Transcribing agency DLC
Modifying agency BD-DhUET
082 00 - DEWEY DECIMAL CLASSIFICATION NUMBER
Classification number 625
Item number MAN/2013
100 1# - MAIN ENTRY--PERSONAL NAME
Personal name Mannering, Fred L.
245 10 - TITLE STATEMENT
Title Principles of highway engineering and traffic analysis
Statement of responsibility, etc. by Fred L. Mannering and Scott S. Washburn.
250 ## - EDITION STATEMENT
Edition statement 5th ed.
260 ## - PUBLICATION, DISTRIBUTION, ETC. (IMPRINT)
Place of publication, distribution, etc. New Jersey:
Name of publisher, distributor, etc. John wiley & sons,
Date of publication, distribution, etc. 2013.
300 ## - PHYSICAL DESCRIPTION
Extent xii,330p.
504 ## - BIBLIOGRAPHY, ETC. NOTE
Bibliography, etc Includes bibliographies
650 #0 - SUBJECT ADDED ENTRY--TOPICAL TERM
Topical term or geographic name as entry element Highway engineering.
650 #0 - SUBJECT ADDED ENTRY--TOPICAL TERM
Topical term or geographic name as entry element Traffic engineering.
700 1# - ADDED ENTRY--PERSONAL NAME
Personal name Washburn, Scott S.
856 42 - ELECTRONIC LOCATION AND ACCESS
Uniform Resource Identifier http://catalogimages.wiley.com/images/db/jimages/9781118120149.jpg
942 ## - ADDED ENTRY ELEMENTS (KOHA)
Koha item type General Book
Holdings
Copy number Date acquired Koha issues (times borrowed) Lost status Koha item type Price effective from Source of classification or shelving scheme Sublocation or collection (holding branch) Damaged status Koha normalized classification for sorting Withdrawn status Koha date last seen Koha date last borrowed Not for loan Piece designation (barcode) Location (home branch) Koha out on loan Koha full call number Shelving location
12014-10-181 General Book2014-10-18 Central Library, BUET 625MAN2013 2022-12-202022-12-05 112783Central Library, BUET 625/MAN/2013Circulation section
22015-11-151 General Book2015-11-15 Central Library, BUET 625_000000000000000_MAN_2013 2016-04-102016-04-10 113629Central Library, BUET2017-04-10625/MAN/2013Circulation section